<?xml version="1.0" encoding="UTF-8"?>
<collection xmlns="http://www.loc.gov/MARC21/slim">
 <record>
  <leader>00513nam a22001575a 4500</leader>
  <controlfield tag="001">EHU.bham045967</controlfield>
  <controlfield tag="005">20111229104245.0</controlfield>
  <controlfield tag="008">110407s1968####xx############000#0#und#d</controlfield>
  <datafield tag="245" ind1="0" ind2="0">
   <subfield code="a">The penguin book of english of romantic verse /</subfield>
   <subfield code="c">David Wright.</subfield>
  </datafield>
  <datafield tag="260" ind1=" " ind2=" ">
   <subfield code="a">Middlesex [Great Britain] :</subfield>
   <subfield code="b">Penguin Books,</subfield>
   <subfield code="c">1968.</subfield>
  </datafield>
  <datafield tag="300" ind1=" " ind2=" ">
   <subfield code="a">354.</subfield>
  </datafield>
  <datafield tag="653" ind1=" " ind2=" ">
   <subfield code="a">Romanticismo</subfield>
  </datafield>
  <datafield tag="653" ind1=" " ind2=" ">
   <subfield code="a">Poesía inglesa</subfield>
  </datafield>
  <datafield tag="653" ind1=" " ind2=" ">
   <subfield code="a">Literatura.</subfield>
  </datafield>
  <datafield tag="653" ind1=" " ind2=" ">
   <subfield code="a">Colección Lejarraga</subfield>
  </datafield>
  <datafield tag="859" ind1=" " ind2=" ">
   <subfield code="a">AR-BHAM</subfield>
   <subfield code="b">BIB. HUMANIDADES - Donacion Lejarraga</subfield>
   <subfield code="h">MFN000186</subfield>
   <subfield code="p">000186.19</subfield>
  </datafield>
 </record>
</collection>
